| 000 | 00565nam a22002177a 4500 | ||
|---|---|---|---|
| 999 |
_c6287 _d6287 |
||
| 003 | OSt | ||
| 005 | 20210315124540.0 | ||
| 008 | 190902b ||||| |||| 00| 0 eng d | ||
| 020 | _a9781408204238 | ||
| 040 | _cDDC | ||
| 082 | _a636.082 A | ||
| 100 |
_aMcDonald, P. [et...al] _912904 |
||
| 245 | _aAnimal Nutrition | ||
| 250 | _a7th ed. | ||
| 260 |
_aLondon; _bPearson, _c2011 |
||
| 300 |
_axvi,692p; _bill: _c25cm |
||
| 504 | _aAppendices, references, & index included | ||
| 650 |
_aAnimal nutrition _912905 |
||
| 650 |
_aAgriculture _94591 |
||
| 942 |
_2z _cB_BANK |
||